| 000 | 005080000a22001570004500 | ||
|---|---|---|---|
| 090 |
_aAR _b03688 |
||
| 245 | 1 | 0 | _aGenetic resources and intellectual property rights |
| 500 | _a<Colección Recursos Genéticos> | ||
| 650 | 1 | 4 |
_aPaises megadiversos _910440 |
| 650 | 1 | 4 |
_aAcceso a los recursos genéticos _996210 |
| 650 | 1 | 4 |
_aProtección al conocimiento tradicional _997441 |
| 650 | 1 | 4 |
_aConservación de la diversidad cultural _997442 |
| 041 | 0 | _aInglés | |
| 942 | _cARTICULO | ||
| 773 | 1 |
_tPreprint _q1-10 _d2002 |
|
| 999 |
_c12735 _d12735 |
||